[Event "IV Open Internacional Ciutat d"]
[Site "Palma"]
[Date "2009.11.24"]
[Round "5.46"]
[White "Galiana Salom, Juan Ramon"]
[Black "Zanetti, Bruno"]
[Result "1-0"]
[WhiteElo "2221"]
[BlackElo "1988"]
[PlyCount "61"]
[EventDate "2009.11.21"]

1. e4 c5 2. Nf3 Nc6 3. d4 cxd4 4. Nxd4 e5 5. Nb5 d6 6. N1c3 a6 7. Na3 Nf6 8.
Nc4 Be6 9. Bg5 Nd4 10. Nd5 Bxd5 11. exd5 h6 12. Bxf6 Qxf6 13. c3 Nb5 14. Nb6
Rb8 15. Bxb5+ axb5 16. Qe2 Qd8 17. Qxb5+ Ke7 18. f4 f6 19. fxe5 fxe5 20. O-O g6
21. Rf2 Bg7 22. Raf1 Rf8 23. Rxf8 Bxf8 24. Nd7 Qxd7 25. Rf7+ Kxf7 26. Qxd7+ Kf6
27. Kf2 Ra8 28. a4 b6 29. b3 h5 30. h4 b5 31. a5 1-0

[Event "IV Open Internacional Ciutat d"]
[Site "Palma"]
[Date "2009.11.24"]
[Round "5.49"]
[White "Matas Artigues, Josep"]
[Black "Ocantos, Manuel"]
[Result "1/2-1/2"]
[WhiteElo "1709"]
[BlackElo "2161"]
[PlyCount "99"]
[EventDate "2009.11.21"]

1. d4 d5 2. c4 c6 3. Nf3 Nf6 4. Qc2 a6 5. g3 g6 6. Bg2 Bf5 7. Qb3 Ra7 8. Nc3
Bg7 9. Bf4 dxc4 10. Qxc4 O-O 11. O-O Nbd7 12. Rfe1 Nb6 13. Qb3 Be6 14. Qc2 Nbd5
15. Nxd5 Nxd5 16. Be5 f6 17. e4 fxe5 18. exd5 Bxd5 19. Ng5 Bf6 20. Ne4 exd4 21.
Nxf6+ exf6 22. Qc5 Bxg2 23. Kxg2 Qd5+ 24. Qxd5+ cxd5 25. Re7 Rf7 26. Rae1 b5
27. R7e2 Rfc7 28. Rd2 d3 29. Re3 Rc2 30. Rexd3 Rxd2 31. Rxd2 Rd7 32. f4 Kf7 33.
Kf3 Ke6 34. g4 h5 35. Re2+ Kd6 36. gxh5 gxh5 37. h3 Rg7 38. f5 Re7 39. Rxe7
Kxe7 40. Ke3 Kd6 41. Kd4 Kc6 42. b4 h4 43. Ke3 Kb6 44. Kd3 Kc7 45. Ke3 Kd7 46.
Kd3 Ke7 47. Ke3 Kd6 48. Kd4 Kc6 49. Ke3 Kd7 50. Kd3 1/2-1/2

[Event "IV Open Internacional Ciutat d"]
[Site "Palma"]
[Date "2009.11.24"]
[Round "5.51"]
[White "Navarrete Abraham, Jorge"]
[Black "Stoeckmann, Helmut"]
[Result "0-1"]
[WhiteElo "1671"]
[BlackElo "2135"]
[PlyCount "89"]
[EventDate "2009.11.21"]

1. Nf3 Nf6 2. g3 c5 3. c4 g6 4. Bg2 Bg7 5. d4 cxd4 6. Nxd4 O-O 7. O-O d6 8. Nc3
Nbd7 9. e3 Rb8 10. b3 Re8 11. Bb2 Nf8 12. Rc1 Bd7 13. Nde2 a6 14. Nd5 Nxd5 15.
Bxg7 Nxe3 16. fxe3 Kxg7 17. Nf4 Bc6 18. e4 Nd7 19. Rc2 Qb6+ 20. Kh1 Nc5 21.
Rcf2 Rf8 22. Nd5 Bxd5 23. exd5 Qc7 24. Rf4 b5 25. Qa1+ f6 26. cxb5 axb5 27. Rc1
Qb6 28. a4 bxa4 29. bxa4 Qb2 30. a5 Nd3 31. Rff1 Nxc1 32. Rxc1 Qxa1 33. Rxa1
Ra8 34. a6 Rfb8 35. Bf1 Rb6 36. Kg2 f5 37. Kf3 Kf6 38. Bc4 Rb4 39. Bf1 Ra7 40.
Ke3 Ke5 41. Kd3 Kxd5 42. Kc3 Rb6 43. Re1 e5 44. Bc4+ Kc6 45. Rc1 0-1

[Event "IV Open Internacional Ciutat d"]
[Site "Palma"]
[Date "2009.11.24"]
[Round "5.54"]
[White "Herms Agullo, Jordi"]
[Black "Navarrete Espi, Samuel"]
[Result "1-0"]
[WhiteElo "2113"]
[BlackElo "1969"]
[PlyCount "41"]
[EventDate "2009.11.21"]

1. e4 e5 2. d4 exd4 3. Qxd4 Nc6 4. Qe3 Nf6 5. Nc3 Bb4 6. Bd2 O-O 7. O-O-O Re8
8. Qg3 Nxe4 9. Nxe4 Rxe4 10. c3 Bc5 11. Bd3 Re6 12. Nf3 h6 13. Rde1 Kh8 14. h4
Bd6 15. Qg4 Ne5 16. Nxe5 Bxe5 17. Qf5 g6 18. Qxf7 Rf6 19. Qd5 d6 20. Rxe5 c6
21. Qd4 1-0

[Event "IV Open Internacional Ciutat d"]
[Site "Palma"]
[Date "2009.11.24"]
[Round "5.55"]
[White "Roig Squar, Jason"]
[Black "Escofet Llongueras, Joan"]
[Result "1-0"]
[WhiteElo "2110"]
[BlackElo "1865"]
[PlyCount "45"]
[EventDate "2009.11.21"]

1. d4 Nf6 2. c4 c5 3. Nf3 g6 4. Nc3 cxd4 5. Nxd4 Bg7 6. e4 d6 7. Be2 O-O 8. Be3
Nc6 9. O-O Bd7 10. Qd2 Nxd4 11. Bxd4 Bc6 12. Bd3 e6 13. Rad1 Qe7 14. Rfe1 Rad8
15. Bxa7 Qc7 16. Be3 Ng4 17. Be2 Nxe3 18. Qxe3 Bxc3 19. bxc3 Rfe8 20. Bf3 d5
21. c5 Qa5 22. e5 Qxa2 23. Rd4 1-0

[Event "IV Open Internacional Ciutat d"]
[Site "Palma"]
[Date "2009.11.24"]
[Round "5.59"]
[White "Hidalgo Maireles, Juan Carlos"]
[Black "Boulkrouche, Yacine"]
[Result "0-1"]
[WhiteElo "1867"]
[BlackElo "2082"]
[PlyCount "86"]
[EventDate "2009.11.21"]

1. d4 Nf6 2. Nf3 d5 3. e3 Nbd7 4. c4 e6 5. a3 Be7 6. b4 O-O 7. c5 c6 8. Be2 Ne4
9. Bb2 f5 10. O-O Ndf6 11. Nbd2 Bd7 12. Ne5 Be8 13. f4 Nxd2 14. Qxd2 Ne4 15.
Qd1 g5 16. Bf3 Bf6 17. Qe2 Qe7 18. g3 Rc8 19. a4 Bxe5 20. Bxe4 Bxf4 21. Bxf5
Bxg3 22. Bxh7+ Kxh7 23. Rxf8 Qxf8 24. Rf1 Qe7 25. hxg3 Bg6 26. Rf2 Kg7 27. Bc3
Rh8 28. Rh2 Rf8 29. Rf2 Rxf2 30. Qxf2 Be4 31. Kf1 Qe8 32. Ke1 Qh5 33. Kd2 Qh1
34. Ke2 Qb1 35. Bd2 Bf5 36. Qe1 Bg4+ 37. Kf1 Qe4 38. Kg1 Bf3 39. Qf2 Qb1+ 40.
Qf1 Qc2 41. Kf2 Qf5 42. a5 Be4+ 43. Ke2 Bd3+ 0-1

[Event "IV Open Internacional Ciutat d"]
[Site "Palma"]
[Date "2009.11.24"]
[Round "5.65"]
[White "Cerdo Fernandez, Miguel"]
[Black "Ponce Cano, Adrian"]
[Result "0-1"]
[WhiteElo "1916"]
[BlackElo "1625"]
[PlyCount "68"]
[EventDate "2009.11.21"]

1. e4 d5 2. exd5 Qxd5 3. Nc3 Qa5 4. d4 c6 5. Nf3 Bg4 6. h3 Bh5 7. Bc4 Nf6 8.
Bd2 Qd8 9. Be3 Nbd7 10. g4 Bg6 11. Qe2 e6 12. O-O-O Bb4 13. Ne5 Bxc3 14. bxc3
Qa5 15. Nxd7 Ne4 16. Ne5 Qa3+ 17. Kb1 Nxc3+ 18. Ka1 Nxe2 19. Nxg6 Qc3+ 20. Kb1
Qxc4 21. Ne5 Qb4+ 22. Ka1 Nc3 23. Bd2 Qa3 24. Bxc3 Qxc3+ 25. Kb1 f6 26. Rd3
Qb4+ 27. Rb3 Qxd4 28. Nd3 c5 29. Re1 O-O 30. f3 c4 31. Rb4 Qc3 32. Rxb7 cxd3
33. Rxe6 dxc2+ 34. Kc1 Qa1+ 0-1

[Event "IV Open Internacional Ciutat d"]
[Site "Palma"]
[Date "2009.11.24"]
[Round "5.2"]
[White "Bhat, Vinay S"]
[Black "Gelashvili, Tamaz"]
[Result "1/2-1/2"]
[WhiteElo "2510"]
[BlackElo "2610"]
[PlyCount "211"]
[EventDate "2009.11.21"]

1. d4 Nf6 2. c4 e6 3. Nf3 Nc6 4. a3 d5 5. Nc3 g6 6. Bf4 a6 7. e3 Bg7 8. Bd3 O-O
9. O-O Ne7 10. Rc1 Nh5 11. Bg5 dxc4 12. Bxc4 h6 13. Bh4 g5 14. Nd2 Nf6 15. Bg3
Bd7 16. Nde4 Nxe4 17. Nxe4 Bc6 18. Bd3 Bxe4 19. Bxe4 c6 20. h3 Qd7 21. Bb1 f5
22. Qc2 Ng6 23. b4 Rf6 24. f3 f4 25. Bf2 fxe3 26. Bxe3 Nf4 27. Rfe1 Nd5 28. Bf2
a5 29. Qb3 axb4 30. axb4 Bf8 31. h4 Bxb4 32. Re4 Bd2 33. Rd1 Bf4 34. g3 Bd6 35.
hxg5 hxg5 36. Rg4 Ra3 37. Rxg5+ Kf8 38. Qb2 Raxf3 39. Rd2 Ba3 40. Qa1 Bc1 41.
Qa8+ Ke7 42. Rg7+ Rf7 43. Rxf7+ Rxf7 44. Rc2 Rf8 45. Qa7 Bg5 46. Rb2 b5 47.
Qa3+ b4 48. Rxb4 Nxb4 49. Qxb4+ Kf7 50. Be4 Bf6 51. Qc5 Rd8 52. Bxc6 Qd6 53.
Qa7+ Kg8 54. Be4 Rd7 55. Qa8+ Kg7 56. Bc6 Rd8 57. Qa7+ Kg8 58. Be4 Qd7 59. Qa5
Bxd4 60. Qg5+ Kf8 61. Qh6+ Qg7 62. Qf4+ Kg8 63. Kg2 Bxf2 64. Qxf2 Qd4 65. Qf3
Qd2+ 66. Kh3 Qh6+ 67. Kg4 Rf8 68. Qd3 Qf6 69. Qd6 Rd8 70. Qf4 Qxf4+ 71. gxf4
Kf7 72. Kf3 Ke7 73. Kg4 Rg8+ 74. Kf3 Kd6 75. Ke3 Rg3+ 76. Bf3 Rg1 77. Kf2 Ra1
78. Ke3 Kc5 79. Ke4 Re1+ 80. Kd3 Kd6 81. Kd2 Ra1 82. Ke3 Ra4 83. Bh5 Ke7 84.
Be2 Kf6 85. Bd3 Kg7 86. Be4 Kh6 87. Bc6 Ra6 88. Bb5 Rb6 89. Bc4 Kg6 90. Bd3+
Kg7 91. Ke4 Rb3 92. Ke3 Kh6 93. Ke4 Kg6 94. Bc2 Rc3 95. Bd3 Kh5 96. Bb5 Rc1 97.
Be2+ Kh4 98. f5 Re1 99. fxe6 Rxe2+ 100. Kf5 Kh5 101. Kf6 Kh6 102. e7 Kh7 103.
Kf7 Rf2+ 104. Ke6 Re2+ 105. Kd7 Rxe7+ 106. Kxe7 1/2-1/2

[Event "IV Open Internacional Ciutat d"]
[Site "Palma"]
[Date "2009.11.24"]
[Round "5.15"]
[White "Pap, Misa"]
[Black "Souleidis, Georgios"]
[Result "1-0"]
[WhiteElo "2501"]
[BlackElo "2429"]
[PlyCount "125"]
[EventDate "2009.11.21"]

1. e4 e5 2. Nf3 Nc6 3. Bc4 Nf6 4. d4 exd4 5. e5 Ng4 6. O-O d6 7. Bg5 Be7 8.
Bxe7 Qxe7 9. exd6 Qxd6 10. Re1+ Be6 11. h3 Nge5 12. Nxe5 Nxe5 13. Bxe6 fxe6 14.
Qh5+ Ng6 15. Qb5+ c6 16. Qxb7 O-O 17. Nd2 Rab8 18. Qxa7 Qf4 19. Ne4 Rxb2 20.
Qxd4 Rxc2 21. Qd3 Rb2 22. Qc3 Rfb8 23. Qxc6 Qf5 24. Qc5 Nf4 25. Qxf5 exf5 26.
Nc3 Rc2 27. Nd1 g6 28. Ne3 Rcb2 29. a4 Nd3 30. Rf1 Ra8 31. Ra3 Nc5 32. a5 Ra6
33. Rc1 Nb7 34. Rc8+ Kf7 35. Rc7+ Ke6 36. Rxh7 Rb5 37. g4 Nd6 38. gxf5+ Nxf5
39. Nc4 Rc5 40. Ra4 Nd4 41. Kg2 Rac6 42. Ne3 Nb3 43. a6 Ra5 44. Re4+ Kf6 45. a7
Rca6 46. Rf4+ Ke6 47. Rg7 g5 48. Re4+ Kf6 49. Ree7 Nd4 50. Ng4+ Kf5 51. Rgf7+
Kg6 52. Rg7+ Kf5 53. Ref7+ Ke4 54. Nf6+ Kd3 55. Nd7 Ne6 56. Nb8 Rb6 57. Rd7+
Ke4 58. Rge7 Kf5 59. Rd5+ Rxd5 60. a8=Q Nf4+ 61. Kf3 Rb3+ 62. Re3 Rb4 63. Nc6
1-0

[Event "IV Open Internacional Ciutat d"]
[Site "Palma"]
[Date "2009.11.24"]
[Round "5.10"]
[White "Maslak, Konstantin"]
[Black "Gaponenko, Inna"]
[Result "1/2-1/2"]
[WhiteElo "2569"]
[BlackElo "2457"]
[PlyCount "97"]
[EventDate "2009.11.21"]

1. e4 c5 2. Nf3 d6 3. d4 cxd4 4. Nxd4 Nf6 5. Nc3 Nc6 6. f3 e5 7. Nb3 Be7 8. Be3
O-O 9. Qd2 a5 10. Bb5 Be6 11. Nd5 Bxd5 12. exd5 Na7 13. Be2 Nc8 14. c4 Qc7 15.
Rc1 Nb6 16. O-O Nbd7 17. Na1 Nc5 18. b3 Ne8 19. a3 f5 20. Qc2 b6 21. b4 axb4
22. axb4 Nd7 23. Nb3 g6 24. g4 Ng7 25. Ra1 Rfb8 26. Bd3 Rxa1 27. Nxa1 Rf8 28.
h3 Qd8 29. Qd2 e4 30. fxe4 fxg4 31. hxg4 Ne5 32. Be2 Rxf1+ 33. Kxf1 Ne8 34. Bd4
Bg5 35. Qe1 Bf4 36. Qf2 Qg5 37. Nc2 Nf6 38. Qg2 Nfxg4 39. Bxg4 Nxg4 40. Bxb6
Be5 41. Ke2 Qc1 42. Qxg4 Qxc2+ 43. Ke1 Qc3+ 44. Ke2 Bd4 45. Bxd4 Qxd4 46. Qe6+
Kg7 47. Qe7+ Kg8 48. Qe8+ Kg7 49. Qe7+ 1/2-1/2

[Event "IV Open Internacional Ciutat d"]
[Site "Palma"]
[Date "2009.11.24"]
[Round "5.61"]
[White "Ali, Ehsan"]
[Black "Farmer Negrini, Leo"]
[Result "1-0"]
[WhiteElo "2312"]
[BlackElo "1795"]
[PlyCount "79"]
[EventDate "2009.11.21"]

1. e4 g6 2. d4 d6 3. Nc3 Bg7 4. Be3 Nf6 5. f3 O-O 6. Qd2 e5 7. Nge2 Nc6 8. d5
Ne7 9. O-O-O Ne8 10. g4 Kh8 11. h4 f5 12. exf5 gxf5 13. Bh6 Ng6 14. h5 Nh4 15.
Bxg7+ Nxg7 16. h6 Ne8 17. gxf5 Nxf3 18. Qe3 Qg5 19. Qxg5 Nxg5 20. Rh5 Rg8 21.
Ng3 Nf6 22. Rh1 Nf3 23. Nh5 Nxh5 24. Rxh5 Rg5 25. Rxg5 Nxg5 26. Bd3 Bd7 27. Rg1
Rg8 28. f6 Nf7 29. Rg7 Rxg7 30. hxg7+ Kg8 31. Ne4 Bf5 32. Kd2 h5 33. Ng3 Bxd3
34. Kxd3 h4 35. Nf5 e4+ 36. Kxe4 Ng5+ 37. Kf4 Nh3+ 38. Kg4 Nf2+ 39. Kxh4 Ne4
40. Nh6+ 1-0

[Event "IV Open Internacional Ciutat d"]
[Site "Palma"]
[Date "2009.11.24"]
[Round "5.8"]
[White "Sumets, Andrey"]
[Black "Brynell, Stellan"]
[Result "1-0"]
[WhiteElo "2604"]
[BlackElo "2472"]
[PlyCount "75"]
[EventDate "2009.11.21"]

1. d4 e6 2. c4 f5 3. g3 Nf6 4. Bg2 Be7 5. Nf3 O-O 6. O-O d6 7. Nc3 Ne4 8. Nxe4
fxe4 9. Ne1 d5 10. Be3 Nc6 11. Rc1 Bf6 12. f3 exf3 13. Nxf3 Bd7 14. cxd5 exd5
15. Qb3 Qe7 16. Bf2 Kh8 17. Qxd5 Rad8 18. Rfe1 Be6 19. Qb5 Nxd4 20. Nxd4 Bxd4
21. Bxd4 Rxd4 22. Qxb7 Rb4 23. Qxa7 Rxb2 24. a4 Qb4 25. Qc5 Qxc5+ 26. Rxc5 Ra2
27. a5 Rf5 28. Rc6 Re5 29. a6 Bc8 30. Rb1 Rexe2 31. Bf1 Re8 32. Bc4 Ra4 33. Rb8
Ra1+ 34. Kf2 Rf8+ 35. Ke3 Ra3+ 36. Kd4 Ra4 37. Rxc7 Rd8+ 38. Kc3 1-0

[Event "IV Open Internacional Ciutat d"]
[Site "Palma"]
[Date "2009.11.24"]
[Round "5.17"]
[White "Breier, Andreas"]
[Black "Ipatov, Alexander"]
[Result "0-1"]
[WhiteElo "2405"]
[BlackElo "2487"]
[PlyCount "70"]
[EventDate "2009.11.21"]

1. Nf3 Nf6 2. c4 g6 3. Nc3 d5 4. cxd5 Nxd5 5. e4 Nxc3 6. dxc3 Qxd1+ 7. Kxd1 f6
8. e5 Nc6 9. Bb5 Bg4 10. Kc2 O-O-O 11. Bxc6 bxc6 12. Bf4 Bf5+ 13. Kb3 Rd5 14.
a4 Bg7 15. Nd4 fxe5 16. Nxc6 Kd7 17. Nb4 Rb8 18. Ka3 Rxb4 19. Kxb4 exf4 20.
Rad1 Bd3 21. c4 a5+ 22. Kb3 Rd4 23. Kc3 Rd6+ 24. Kb3 c5 25. h4 Ke8 26. Ka3 Bxc4
27. Rxd6 exd6 28. h5 g5 29. h6 Be5 30. Rh5 Bf6 31. g3 f3 32. Rh1 Bd4 33. b3 Be2
34. Rh5 Bxf2 35. Rxg5 Bd4 0-1

[Event "IV Open Internacional Ciutat d"]
[Site "Palma"]
[Date "2009.11.24"]
[Round "5.73"]
[White "Castell Cantero, Jose Juan"]
[Black "Shen, Yue"]
[Result "0-1"]
[WhiteElo "1563"]
[BlackElo "1809"]
[PlyCount "70"]
[EventDate "2009.11.21"]

1. e4 c5 2. Nf3 d6 3. d4 cxd4 4. Nxd4 Nf6 5. Nc3 g6 6. Be2 Bg7 7. Be3 O-O 8. f3
Nc6 9. Qd2 d5 10. exd5 Nxd5 11. Nxd5 Qxd5 12. c3 Nxd4 13. cxd4 Rd8 14. Rd1 Qxa2
15. O-O Bd7 16. Qb4 Qe6 17. Qd2 Bc6 18. Rfe1 Qb3 19. Qc1 Bd5 20. Rd3 Qb6 21.
Red1 Rac8 22. Rc3 Rc6 23. Qd2 Rdc8 24. Rdc1 e6 25. b4 Qc7 26. Rxc6 bxc6 27. b5
Qb7 28. Rb1 Qb6 29. Rb4 Rb8 30. Qb2 Bf8 31. Bf4 Ra8 32. Ra4 a6 33. Bd2 cxb5 34.
Ra1 b4 35. Bd1 a5 0-1

[Event "IV Open Internacional Ciutat d"]
[Site "Palma"]
[Date "2009.11.24"]
[Round "5.7"]
[White "Mirzoev, Azer"]
[Black "Petkov, Vladimir"]
[Result "1-0"]
[WhiteElo "2617"]
[BlackElo "2477"]
[PlyCount "69"]
[EventDate "2009.11.21"]

1. Nf3 Nf6 2. c4 e6 3. e3 d5 4. d4 a6 5. b3 c5 6. Nbd2 Nc6 7. Bb2 cxd4 8. exd4
Ne4 9. Bd3 Nxd2 10. Qxd2 Bb4 11. Bc3 Bxc3 12. Qxc3 dxc4 13. bxc4 O-O 14. O-O
Qf6 15. Rab1 Rd8 16. Rfd1 Rb8 17. Be4 Bd7 18. Rb6 Be8 19. h3 e5 20. d5 Nd4 21.
Qb2 Nxf3+ 22. Bxf3 Qf4 23. c5 e4 24. Qd4 f5 25. Be2 Kh8 26. d6 Qg5 27. Bc4 Bh5
28. Rdb1 f4 29. Qd5 Qh4 30. Qxe4 Re8 31. Qd4 Qg5 32. d7 Red8 33. Qd5 Qxd5 34.
Bxd5 Rxd7 35. Rxb7 1-0

[Event "IV Open Internacional Ciutat d"]
[Site "Palma"]
[Date "2009.11.24"]
[Round "5.62"]
[White "Abrines Sampol, Lorenzo"]
[Black "Sara, Valerio"]
[Result "0-1"]
[WhiteElo "1693"]
[BlackElo "2072"]
[PlyCount "68"]
[EventDate "2009.11.21"]

1. e4 c5 2. Nf3 d6 3. d4 cxd4 4. Nxd4 Nf6 5. Nc3 a6 6. Be2 e5 7. Nb3 Be7 8. Be3
Be6 9. O-O O-O 10. f4 exf4 11. Bxf4 Nc6 12. Kh1 Rc8 13. Be3 Ne5 14. Nd2 Qc7 15.
Qe1 b5 16. Qg3 b4 17. Na4 Qb7 18. Bd3 Nfd7 19. b3 Kh8 20. Bd4 Bf6 21. Nc4 Bxc4
22. bxc4 Nxc4 23. Bxf6 Nxf6 24. Bxc4 Rxc4 25. Qxd6 Rb8 26. Nc5 Qb6 27. Qxb6
Rxb6 28. Rad1 Rxc5 29. Rd8+ Ng8 30. Rxf7 Rf6 31. Rff8 Rxf8 32. Rxf8 Rxc2 33.
Kg1 g6 34. e5 Kg7 0-1

[Event "IV Open Internacional Ciutat d"]
[Site "Palma"]
[Date "2009.11.24"]
[Round "5.50"]
[White "Serra Olives, Tomas"]
[Black "Gallardo Pina, Neus"]
[Result "1-0"]
[WhiteElo "2143"]
[BlackElo "1809"]
[PlyCount "67"]
[EventDate "2009.11.21"]

1. e4 c5 2. Nf3 Nc6 3. d4 cxd4 4. Nxd4 e5 5. Nb5 a6 6. Nd6+ Bxd6 7. Qxd6 Qf6 8.
Qd1 Nge7 9. Nc3 O-O 10. h4 Nd4 11. Bg5 Qe6 12. Be3 Nec6 13. Nd5 Rb8 14. c3 f5
15. Bc4 Kh8 16. cxd4 exd4 17. Bf4 Qxe4+ 18. Qe2 Qxg2 19. O-O-O b5 20. Bxb8 bxc4
21. Bd6 d3 22. Qe3 Qxd5 23. Bxf8 Ne5 24. Qg5 Qg8 25. Qxf5 Ng6 26. Bb4 d5 27.
Qg5 d4 28. h5 Nf8 29. h6 Ne6 30. hxg7+ Qxg7 31. Qxg7+ Kxg7 32. Rdg1+ Kf6 33.
Rxh7 Kf5 34. Rg8 1-0

[Event "IV Open Internacional Ciutat d"]
[Site "Palma"]
[Date "2009.11.24"]
[Round "5.60"]
[White "Alemany Jara, Alejandro"]
[Black "Abadia Pascual, Luis"]
[Result "1/2-1/2"]
[WhiteElo "1789"]
[BlackElo "1929"]
[PlyCount "66"]
[EventDate "2009.11.21"]

1. e4 e6 2. d4 d5 3. e5 c5 4. c3 Nc6 5. Nf3 Qb6 6. a3 Nh6 7. b4 cxd4 8. cxd4
Nf5 9. Bb2 Be7 10. Bd3 a5 11. Bxf5 exf5 12. Nc3 Be6 13. b5 a4 14. Rb1 Na5 15.
Bc1 Nc4 16. O-O Qa5 17. Qc2 O-O 18. Nd2 Rfc8 19. Nxc4 Rxc4 20. Bd2 Bxa3 21. Ra1
Bb4 22. Rfc1 Bxc3 23. Bxc3 Qxb5 24. Qd2 Rac8 25. Rcb1 Qc6 26. Bb2 b5 27. Ba3
Bd7 28. Bc5 Qg6 29. h3 h6 30. Qe2 Rb8 31. Qd2 Qc6 32. Qe1 f4 33. Qd1 Ra8
1/2-1/2

[Event "IV Open Internacional Ciutat d"]
[Site "Palma"]
[Date "2009.11.24"]
[Round "5.28"]
[White "Hernandez Gallardo, Fco  Javier"]
[Black "Rybenko, Kseniya"]
[Result "1/2-1/2"]
[WhiteElo "2360"]
[BlackElo "2254"]
[PlyCount "64"]
[EventDate "2009.11.21"]

1. d4 g6 2. Nf3 Bg7 3. c4 d6 4. Nc3 Nd7 5. Bg5 h6 6. Bh4 a6 7. e4 c5 8. d5 Rb8
9. a4 Qa5 10. Ra3 Nb6 11. Bd3 Bg4 12. O-O Nf6 13. Re1 Nfd7 14. e5 Nxe5 15. Bxe7
Bxf3 16. gxf3 Kxe7 17. f4 Kf8 18. fxe5 Bxe5 19. Kh1 Nd7 20. f4 Bxc3 21. Rxc3
Qd8 22. Qg4 Nf6 23. Qf3 Qd7 24. Bc2 Qg4 25. Qf2 Re8 26. Rxe8+ Nxe8 27. f5 g5
28. h3 Qh5 29. Qf3 Qh4 30. Qg3 Qd4 31. Qe3 Qh4 32. Qg3 Qd4 1/2-1/2

[Event "IV Open Internacional Ciutat d"]
[Site "Palma"]
[Date "2009.11.24"]
[Round "5.4"]
[White "Bykhovsky, Anatoly"]
[Black "Movsziszian, Karen"]
[Result "0-1"]
[WhiteElo "2488"]
[BlackElo "2541"]
[PlyCount "59"]
[EventDate "2009.11.21"]

1. d4 Nf6 2. c4 g6 3. Nc3 Bg7 4. e4 d6 5. Nf3 O-O 6. Be2 e5 7. O-O Nh5 8. g3
Bh3 9. Re1 exd4 10. Nxd4 Nf6 11. Be3 Re8 12. f3 c6 13. Bf2 Nbd7 14. Nc2 Qc7 15.
Ne3 h5 16. Ng2 Ne5 17. Nf4 Bd7 18. Rc1 Rad8 19. b4 Bc8 20. b5 Be6 21. bxc6 bxc6
22. Na4 Nfd7 23. Qb3 Bf8 24. Nd3 Nxd3 25. Bxd3 a5 26. Bf1 Bh6 27. c5 Bxc1 28.
cxd6 Qxd6 29. Rxc1 Rb8 {ilegible 0-1 en la jugada 34} 30. Qc3 0-1

[Event "IV Open Internacional Ciutat d"]
[Site "Palma"]
[Date "2009.11.24"]
[Round "5.40"]
[White "Do Santos Julio, Joao Manuel"]
[Black "Gonzalez Arribas, Vidal A"]
[Result "0-1"]
[WhiteElo "2043"]
[BlackElo "2274"]
[PlyCount "52"]
[EventDate "2009.11.21"]

1. e4 c5 2. Nf3 Nc6 3. d4 cxd4 4. Nxd4 g6 5. c4 Bg7 6. Be3 Nf6 7. Nc3 O-O 8.
Be2 d6 9. O-O Bd7 10. Rc1 Nxd4 11. Bxd4 Bc6 12. f3 a5 13. Qd2 Nd7 14. Be3 Nc5
15. b3 Qb6 16. Kh1 Rfc8 17. Nd5 Bxd5 18. cxd5 Qb4 19. Qd1 a4 20. Bc4 Qa3 21.
Bxc5 Rxc5 22. Rc2 Rac8 23. Rff2 b5 24. Bd3 axb3 25. Rxc5 Qxc5 26. Rf1 bxa2 0-1

[Event "IV Open Internacional Ciutat d"]
[Site "Palma"]
[Date "2009.11.24"]
[Round "5.32"]
[White "Quillan, Gary"]
[Black "Mercant Simo, Jaime"]
[Result "0-1"]
[WhiteElo "2394"]
[BlackElo "2082"]
[PlyCount "50"]
[EventDate "2009.11.21"]

1. e4 e6 2. d4 d5 3. e5 c5 4. dxc5 Nc6 5. Nf3 Bxc5 6. Bd3 Nge7 7. Bf4 Qb6 8.
Bg3 Qxb2 9. Nbd2 Qb6 10. O-O Qc7 11. c4 Nb4 12. Bb1 dxc4 13. Nxc4 Bxf2+ 14.
Rxf2 Qxc4 15. Ng5 Nf5 16. Bxf5 exf5 17. Qd6 h6 18. Rd1 Nc6 19. Rf4 Qxa2 20. Bh4
hxg5 21. Bxg5 Be6 22. Qc7 Qb3 23. Qd6 Qe3+ 24. Kh1 Qg3 25. h4 Qxg5 0-1

[Event "IV Open Internacional Ciutat d"]
[Site "Palma"]
[Date "2009.11.24"]
[Round "5.64"]
[White "Sierra Jimenez, Manuel"]
[Black "Lewandowski, Richard"]
[Result "1-0"]
[WhiteElo "1961"]
[BlackElo "1662"]
[PlyCount "43"]
[EventDate "2009.11.21"]

1. f4 d5 2. Nf3 Bg4 3. e3 Nf6 4. b3 e6 5. Bb2 Bc5 6. d4 Bd6 7. Be2 h6 8. Ne5
Bxe2 9. Qxe2 O-O 10. Nd2 a6 11. g4 Nbd7 12. h4 Ne4 13. Nxe4 dxe4 14. g5 Be7 15.
O-O-O Qe8 16. Nxd7 Qxd7 17. Qh5 Kh7 18. Rdf1 Qe8 19. d5 Rg8 20. dxe6 fxe6 21.
g6+ Kh8 22. Qxh6# 1-0

[Event "IV Open Internacional Ciutat d"]
[Site "Palma"]
[Date "2009.11.24"]
[Round "5.16"]
[White "Sengupta, Deep"]
[Black "Roy Chowdhury, Saptarshi"]
[Result "1/2-1/2"]
[WhiteElo "2488"]
[BlackElo "2427"]
[PlyCount "42"]
[EventDate "2009.11.21"]

1. e4 c5 2. Nf3 Nc6 3. d4 cxd4 4. Nxd4 e5 5. Nb5 d6 6. N1c3 a6 7. Na3 b5 8. Nd5
Nce7 9. c4 Nxd5 10. cxd5 Be7 11. Bd3 Nf6 12. O-O O-O 13. Nc2 Bg4 14. f3 Bd7 15.
Be3 Nh5 16. Qd2 Nf4 17. Bxf4 exf4 18. Qxf4 Bg5 19. Qxd6 Be7 20. Qg3 Bh4 21. Qf4
Bg5 1/2-1/2

[Event "IV Open Internacional Ciutat d"]
[Site "Palma"]
[Date "2009.11.24"]
[Round "5.63"]
[White "Bergas Ferriol, Jeronimo"]
[Black "Hernanz Villaoslada, Javier"]
[Result "1-0"]
[WhiteElo "2053"]
[BlackElo "1705"]
[PlyCount "39"]
[EventDate "2009.11.21"]

1. e4 e5 2. Nf3 Nf6 3. Nc3 d6 4. Bc4 Bg4 5. h3 Bh5 6. d4 Nc6 7. g4 Bg6 8. Bg5
exd4 9. Nxd4 Ne5 10. Bb3 Be7 11. f4 Bxe4 12. Nxe4 Nxe4 13. Bxe7 Qxe7 14. Nf5
Qf6 15. fxe5 Qxe5 16. Qd5 Qxb2 17. Qxe4+ Kd8 18. Qe7+ Kc8 19. O-O g6 20. Ne3
1-0

[Event "IV Open Internacional Ciutat d"]
[Site "Palma"]
[Date "2009.11.24"]
[Round "5.35"]
[White "Mascaro March, Pedro"]
[Black "Balasch Sagrera, Carles"]
[Result "1-0"]
[WhiteElo "2369"]
[BlackElo "2062"]
[PlyCount "39"]
[EventDate "2009.11.21"]

1. d4 Nf6 2. c4 e5 3. dxe5 Ng4 4. e3 Nxe5 5. Nh3 d6 6. Nf4 g6 7. Nc3 Bg7 8. Be2
a5 9. O-O O-O 10. Qc2 Na6 11. b3 Nc5 12. Ba3 b6 13. Rad1 Re8 14. h3 Bd7 15.
Nfd5 Nc6 16. Rfe1 Bf5 17. Qd2 Ne5 18. Nf4 Ne4 19. Nxe4 Bxe4 20. Bb2 1-0

[Event "IV Open Internacional Ciutat d"]
[Site "Palma"]
[Date "2009.11.24"]
[Round "5.12"]
[White "Malakhatko, Vadim"]
[Black "Vernay, Clovis"]
[Result "1/2-1/2"]
[WhiteElo "2544"]
[BlackElo "2458"]
[PlyCount "27"]
[EventDate "2009.11.21"]

1. d4 d5 2. c4 c6 3. Nc3 Nf6 4. e3 Bf5 5. cxd5 cxd5 6. Qb3 Bc8 7. Nf3 e6 8. Bd3
Nc6 9. O-O Be7 10. Bd2 O-O 11. Rfc1 Bd7 12. Be1 Rc8 13. Qd1 Bd6 14. Be2 1/2-1/2

[Event "IV Open Internacional Ciutat d"]
[Site "Palma"]
[Date "2009.11.24"]
[Round "5.20"]
[White "Tratar, Marko"]
[Black "Lyell, Mark"]
[Result "1-0"]
[WhiteElo "2480"]
[BlackElo "2245"]
[PlyCount "79"]
[EventDate "2009.11.21"]

1. d4 d5 2. c4 e5 3. dxe5 d4 4. Nf3 Nc6 5. a3 Nge7 6. b4 Ng6 7. Bb2 a5 8. b5
Ncxe5 9. Nxe5 Nxe5 10. e3 Be6 11. Bxd4 Nxc4 12. Qc2 Qd5 13. Nc3 Qg5 14. Bxc4
Qxg2 15. Bxe6 Qxh1+ 16. Ke2 Qxa1 17. Nb1 Qxb1 18. Bxf7+ Kxf7 19. Qxb1 Be7 20.
Qb3+ Kf8 21. Qc3 Kf7 22. Qc4+ Kg6 23. Qxc7 Bf6 24. Bxf6 gxf6 25. Qxb7 a4 26.
Qe4+ Kg7 27. Kf3 Rhe8 28. Qb7+ Kg6 29. h4 h5 30. Kf4 Rab8 31. Qg2+ Kh6 32. Qc6
Kg6 33. Qc2+ Kh6 34. Qxa4 Re5 35. Qa6 Kg6 36. a4 Rf5+ 37. Kg3 Rg8 38. Qe6 Kh7+
39. Qxg8+ Kxg8 40. b6 1-0